| 000 | 00912cam a2200241 4500 | ||
|---|---|---|---|
| 001 | WB3725-10 | ||
| 008 | 000000n2001 000 0 eng u | ||
| 035 | _a(Sirsi) u113283 | ||
| 245 | _aFprop to widen net services | ||
| 260 | _c2001 | ||
| 490 |
_aProperty Week _v66(25) 22 June 2001, 5(1) |
||
| 520 | _aOnline property trading website, First Property Online (Fprop), has expanded its services to include online loan and fee quotes from leading commercial property lenders. Fprop will also launch online underwriting and conveyancing services later this summer in a bid to speed up the transaction process. | ||
| 590 | _aWB | ||
| 650 | _aCONVEYANCING | ||
| 650 | _aPROPERTY TRANSACTIONS | ||
| 650 | _aUNDERWRITING | ||
| 650 | _aFIRST PROPERTY ONLINE | ||
| 650 | _aFPROP | ||
| 650 | _aWEBSITES | ||
| 650 | _aPROPERTY-COMMERCIAL PROPERTY | ||
| 690 | _aPROPERTY-COMMERCIAL PROPERTY | ||
| 942 | _n0 | ||
| 999 |
_c67484 _d67484 |
||